Reklama 2000

Gespeichert in:
Bibliographische Detailangaben
1. Verfasser: Horňák, Pavel
Format: Buch
Sprache:Slowakisch
Veröffentlicht: Bratislava Central European Advertising 1999
Schlagworte:
Tags: Tag hinzufügen
Keine Tags, Fügen Sie das erste Tag hinzu!

MARC

LEADER 00000nam a2200000 4500
001 c108174
005 20221102132829.6
041 0 |a slo 
044 |a SK 
245 1 0 |a Reklama 2000  |c Pavel Horňák 
264 1 |a Bratislava  |b Central European Advertising  |c 1999 
300 |a 297 s. 
610 2 0 |a reklama 
610 2 0 |a propagácia 
610 2 0 |a komunikácia marketingová 
610 2 0 |a marketing 
610 2 0 |a štúdium vysokoškolské 
610 2 0 |a právo 
610 2 0 |a etika 
610 2 0 |a prostriedky reklamné 
610 2 0 |a médiá 
610 2 0 |a tlač 
610 2 0 |a rozhlas 
610 2 0 |a zákony 
610 2 0 |a Československo 
610 2 0 |a Slovensko 
610 2 0 |a terminológia 
100 1 |a Horňák, Pavel